000
00265nam a22001217a 4500
008
260424b ||||| |||| 00| 0 eng d
041
_a
eng
080
_a
11.1
100
_a
40
101
_a
Ngjarje
245
_a
Vezët e Vdekjes
_c
Binak Kelmendi
942
_2
udc
_c
BK
999
_c
60995
_d
60995